Quick Pick: Names in Best Picture Winners Quiz Stats

 Plays Quiz Updated Feb 22, 2016

Score 0/11 Timer 01:00
8 Plays Today
% Correct
Schindler
97.2%
Daisy
96.6%
Shakespeare
95.1%
Lawrence
95%
Kramer
94.1%
Jones
92.4%
Annie
92.2%
Eve
91.5%
Ziegfeld
84.9%
Emile
79.9%
Miniver
72.6%

Today's Daily Dose

You're not logged in!

Compare scores with friends on all Sporcle quizzes.
Join for Free
OR
Log In

You Might Also Like...

Show Comments

Extras

Top Quizzes Today


Score Distribution

Your Account Isn't Verified!

In order to create a playlist on Sporcle, you need to verify the email address you used during registration. Go to your Sporcle Settings to finish the process.

Report this User

Report this user for behavior that violates our Community Guidelines.

Details: